000 00951cam a2200265 4500
001 ABS63590
008 000000n2001 000 0 eng u
035 _a(Sirsi) u111012
100 _aBaines, A.
245 _aRestricted area
260 _c2001
490 _aEstates Gazette
_v(0106) 10 February 2001, 158(1)
520 _aWith reference to "Smith v South Gloucestershire Council" illustrates a potential problem of buying a property at auction. If insufficient searches or inquiries are made about the property, a purchaser could be faced with occupancy restrictions on its use.
590 _aABS
650 _aSMITH V SOUTH GLOUCESTERSHIRE COUNCIL
650 _aOCCUPANCY CONDITIONS
650 _aPLANNING PERMISSION
650 _aAGRICULTURAL OCCUPANCY RESTRICTIONS
650 _aKNOWLEDGE
650 _aSEARCHES
650 _aCAUSATION
650 _aAuctioneering
_96218
690 _aPLANNING LAW AND PRACTICE
942 _n0
999 _c66155
_d66155